Loading...
| Fine Arts - Classical Music | 0 | 9 | 2 | 0 | 80 | 69 | 103.33 | 1 | 3 |
| Literature - European Literature | 0 | 6 | 0 | 1 | 60 | 65 | 124.00 | 1 | 1 |
| Literature - British Literature | 0 | 6 | 1 | 0 | 55 | 103 | 127.17 | 0 | 0 |
| Fine Arts - Other Fine Arts | 0 | 5 | 0 | 0 | 50 | 73 | 108.80 | 0 | 2 |
| Science - Chemistry | 0 | 5 | 0 | 1 | 50 | 90 | 111.20 | 0 | 0 |
| Fine Arts - Painting & Sculpture | 0 | 6 | 3 | 1 | 45 | 73 | 114.00 | 0 | 2 |
| Philosophy | 0 | 4 | 0 | 1 | 40 | 119 | 129.50 | 0 | 0 |
| Religion | 0 | 4 | 0 | 0 | 40 | 102 | 110.50 | 0 | 0 |
| Literature - American Literature | 0 | 4 | 0 | 0 | 40 | 102 | 119.25 | 0 | 1 |
| History - American History | 0 | 3 | 0 | 0 | 30 | 92 | 104.00 | 0 | 0 |
| Literature - World Literature | 0 | 3 | 1 | 0 | 25 | 112 | 132.33 | 0 | 0 |
| Social Science | 0 | 2 | 0 | 1 | 20 | 95 | 113.00 | 0 | 1 |
| History - European History | 0 | 2 | 0 | 0 | 20 | 122 | 130.00 | 0 | 0 |
| Science - Biology | 0 | 3 | 3 | 0 | 15 | 102 | 120.00 | 0 | 0 |
| Mythology | 0 | 1 | 0 | 0 | 10 | 142 | 142.00 | 0 | 0 |
| History - World History | 0 | 1 | 0 | 0 | 10 | 110 | 110.00 | 0 | 0 |
| Other Academic | 0 | 1 | 0 | 0 | 10 | 67 | 67.00 | 0 | 1 |
| Science - Physics | 0 | 1 | 0 | 0 | 10 | 76 | 76.00 | 0 | 0 |
| Current Events | 0 | 1 | 0 | 0 | 10 | 100 | 100.00 | 0 | 0 |
| History - Other History | 0 | 1 | 1 | 0 | 5 | 75 | 75.00 | 0 | 0 |
| Science - Other Science | 0 | 0 | 0 | 0 | 0 | 0.00 | 0 | 0 |